000 00809nam a2200253Ia 4500
003 OSt
005 20221005113408.0
006 a|||||r|||| 00| 0
007 ta
008 221004b |||||||| |||| 00| 0 pan d
020 _a8178839725 (hbk)
_c200
024 _a6963
037 _b710, 26/06/2013, H.K. Prakashan
_cTextual
040 _aCRL
_cCRL
_bpan
041 _2pan
_apan
082 _aO153,3NNAC,SD, Q2
100 _aਨਛੱਤਰ
245 0 _aਸਲੋਅ ਡਾਊਨ
260 _aਲੁਧਿਆਣਾ
_bਚੇਤਨਾ ਪ੍ਰਕਾFਨ ਭਾਰਤ
_c2012
300 _a159ਪੰ
_ccm.
650 _aਪੰਜਾਬੀ ਸਾਹਿਤ
942 _hO153,3NNAC,SD, Q2
_cTEXL
_2cc
999 _c1028047
_d1028047